DOCUMENTAZIONE SUI PAESI DELL'EST. VOL. I. ANNO I. 1965. (Record n. 322697)
[ formato base ]
| 000 -LEADER | |
|---|---|
| fixed length control field | 02501nas a2200277Ia 4500 |
| 001 - CONTROL NUMBER | |
| control field | R050-R761B |
| 003 - CONTROL NUMBER IDENTIFIER | |
| control field | IT-CnALBA |
| 008 - FIXED-LENGTH DATA ELEMENTS--GENERAL INFORMATION | |
| fixed length control field | 170116c99999999xx |||||||||||| ||und|| |
| 040 ## - CATALOGING SOURCE | |
| Original cataloging agency | IT-CnALBA |
| Transcribing agency | IT-CnALBA |
| 041 ## - LANGUAGE CODE | |
| Language code of text/sound track or separate title | ITALIANO |
| 999 ## - SYSTEM CONTROL NUMBERS (KOHA) | |
| Koha Dewey Subclass [OBSOLETE] | NO |
| 100 ## - MAIN ENTRY--PERSONAL NAME | |
| Personal name | MIELI RENATO |
| 210 ## - ABBREVIATED TITLE | |
| Abbreviated title | DOCUMENTAZIONE SUI PAESI DELL'EST |
| 222 ## - KEY TITLE | |
| Key title | DOCUMENTAZIONE SUI PAESI DELL'EST |
| 245 #0 - TITLE STATEMENT | |
| Title | DOCUMENTAZIONE SUI PAESI DELL'EST. VOL. I. ANNO I. 1965. |
| 250 ## - EDITION STATEMENT | |
| Edition statement | 1a ed. |
| 260 ## - PUBLICATION, DISTRIBUTION, ETC. (IMPRINT) | |
| Place of publication, distribution, etc. | MILANO |
| Name of publisher, distributor, etc. | CESES, CENTRO STUDI R. PROB. ECON. |
| Date of publication, distribution, etc. | 1965 |
| 300 ## - PHYSICAL DESCRIPTION | |
| Extent | 1006 p. |
| 310 ## - CURRENT PUBLICATION FREQUENCY | |
| Current publication frequency | SETTIMANALE |
| 362 ## - DATES OF PUBLICATION AND/OR SEQUENTIAL DESIGNATION | |
| Dates of publication and/or sequential designation | Fascicolo: 1-14 / Anno: 1 (1965) |
| 500 ## - GENERAL NOTE | |
| General note | CECOSLOVACCHIA. STORIA. ECONOMIA GENERALE. INDUSTRIA AGRICOLTURA. FINANZE. TRASPORTI E COMUNICAZIONI. CULTURA GENERALE. NOTIZIARIO. SOCIETÀ GENERALE. EDUCAZIONE LAVORO SINDACALISMO. FILOSOFIA E IDEOLOGIA. DEMOCRAFIA. OPINIONE PUBBLICA. GERMANIA ORIENTALE. ECONOMIA AGRICOLTURA. JUGOSLAVIA, SOCIALISMO E AUTOGESTONE. FINANZE, TRASPORTI E COMUNICAZIONI. SISTEMA LEGALE. UNGHERIA, LETTERATURA, ATEISMO, FAMIGLIA GIOVENTÙ. EDUCAZIONE, SISTEMA LEGALE, MOVIMENTO COMUNISTA. ALBANIA CONTRO UNINE SOVIETICA. SVILUPPO ECONOMICO NEL COMECON. REAZIONE DI PECHINO E TIRANA ALLA RIUNIONE DI MOSCA. COMMEMORAZIONE NASCITA LENIN. RASSEGNA RIVISTE E LIBRI. CRONOLOGIA. BIBLIOTECA URSS. REDATTORI: ALEKSEJEV L. ARCHIEREEV M. BAKARIC V. BERGER W. BIRMAN A. BLANC S. BONIN G. BREZHNEV M. BYKOV A. DEKKERS R. DZEBA K. FROLOV V. GAEV A. POLONIA ROMANIA. |
| 501 ## - WITH NOTE | |
| With note | Società San Paolo EM - Piazza San Paolo, 14 - 12051 ALBA (CN) (non commercial uses only) ® Copyright 2017 |
| 520 ## - SUMMARY, ETC. | |
| Summary, etc. | CECOSLOVACCHIA. STORIA. ECONOMIA GENERALE. INDUSTRIA AGRICOLTURA. FINANZE. TRASPORTI E COMUNICAZIONI. CULTURA GENERALE. NOTIZIARIO. SOCIETÀ GENERALE. EDUCAZIONE LAVORO SINDACALISMO. FILOSOFIA E IDEOLOGIA. DEMOCRAFIA. OPINIONE PUBBLICA. GERMANIA ORIENTALE. ECONOMIA AGRICOLTURA. JUGOSLAVIA, SOCIALISMO E AUTOGESTONE. FINANZE, TRASPORTI E COMUNICAZIONI. SISTEMA LEGALE. UNGHERIA, LETTERATURA, ATEISMO, FAMIGLIA GIOVENTÙ. EDUCAZIONE, SISTEMA LEGALE, MOVIMENTO COMUNISTA. ALBANIA CONTRO UNINE SOVIETICA. SVILUPPO ECONOMICO NEL COMECON. REAZIONE DI PECHINO E TIRANA ALLA RIUNIONE DI MOSCA. COMMEMORAZIONE NASCITA LENIN. RASSEGNA RIVISTE E LIBRI. CRONOLOGIA. BIBLIOTECA URSS. REDATTORI: ALEKSEJEV L. ARCHIEREEV M. BAKARIC V. BERGER W. BIRMAN A. BLANC S. BONIN G. BREZHNEV M. BYKOV A. DEKKERS R. DZEBA K. FROLOV V. GAEV A. POLONIA ROMANIA. |
| 650 ## - SUBJECT ADDED ENTRY--TOPICAL TERM | |
| Topical term or geographic name as entry element | PERIODICI |
| 942 ## - ADDED ENTRY ELEMENTS (KOHA) | |
| Koha item type | RIVISTA |
| 957 ## - | |
| -- | 1 |
| 999 ## - SYSTEM CONTROL NUMBERS (KOHA) | |
| -- | 1 |
| Withdrawn status | Lost status | Damaged status | Not for loan | Home library | Current library | Date acquired | Total Checkouts | Full call number | Date last seen | Price effective from | Koha item type | Public note |
|---|---|---|---|---|---|---|---|---|---|---|---|---|
| Buone Condizioni | Not For Loan | ALBA - Biblioteca | ALBA - Biblioteca | 16/01/2017 | R050-R761B | 16/01/2017 | 16/01/2017 | RIVISTA | (data import: 16 gennaio 2017) - By Epidotti, Vaglietti. |